000 00532nam a22002057a 4500
003 OSt
005 20140310182936.0
008 130201t xxu||||| |||| 00| 0 eng d
020 _a9789712352553
050 _aQH 332
_b.J829 2009
100 _aJoven, Jose R.
245 _aBioethics /
_cJose R. Joven, Alvin V. Nuqui, Claudio T. Saratan, Jr.
260 _aManila :
_bRex Book Store,
_c2009.
300 _a106 p. :
_c23 cm.
521 _aNUR
562 _e2
942 _2lcc
_cBK
_kLOC
999 _c17617
_d17617